000 00936nam a22002417a 4500
003 OSt
005 20210420152337.0
008 200902b || 00| 0 spa dr
040 _aDO-SdBNP
_bspa
_cBNPHU
082 4 _2 LEMB
_a928.61
_bB644b
100 1 _aBerenguer, Magali
_976579
_4
245 1 3 _aUn novelista español :
_bVicente Basco Ibáñez /
_cMagali Berenguer, Javier Aiguebella, Joaquín Lledó ; coordinación Reina Torres
260 _aSanto Domingo :
_c2006
_bCentro Cultural de España,
300 _a63 p. :
_bil., retr. ;
_e26 cm
500 _aExposición del 24 de octubre al 12 de diciembre de 2006
600 _a Blasco Ibañez, Vicente,
_d1867-1928
_vBiografías
_976580
650 7 _a Autores españoles
_9632
_vExposiciones
_ySiglo XX
650 7 _a
_v
_976584
700 _a Lledó, Joaquín
_976581
700 _a Javier, Joaquín
_976582
700 _aTorres Aiguebella, Reina
_ecoor.
_976583
942 _2ddc
_cLF1
999 _c48803
_d48803